000 00405cam a2200157ua 4500
041 _amal
_h
082 _a894.812301
_bHUM/MA
100 _aHumayun, Kabeer .
245 _aMarzeena /
_cHumayun Kabeer.
_hTextual Documents
260 _aKottayam :
_bSahitya Pravarthaka Co-operative Society ,
_c1961.
300 _a100 ; .
504 _a
942 _cBK
999 _c12296
_d12296